00423nam a2200157 a 45000010005000000030009000050080041000140400028000550820015000831000018000982450072001162600034001883000010002224900015002326500018002476159CO-ViMGA141112s2004 ck r 000 u spa d aCO-ViMGAbspacCO-ViMGA04a658.8 B1261 aBacon, Mark S10aComo hacen marketing directo : bsecretos para la pequeña empresa aBarcelona : bGranica, c1993 a456 p aManagement14aMERCADOTECNIA